BIBLIOTECA

SENCICO

Instalaciones eléctricas de alumbrado e industriales (Registro nro. 2023)

Detalles MARC
000 -LEADER
fixed length control field 00756nam a2200205Ia 4500
005 - DATE AND TIME OF LATEST TRANSACTION
control field 20251020182529.0
008 - FIXED-LENGTH DATA ELEMENTS--GENERAL INFORMATION
fixed length control field 200515s9999 xx 000 0 und d
082 ## - DEWEY DECIMAL CLASSIFICATION NUMBER
Classification number 696.6/M26
100 ## - MAIN ENTRY--PERSONAL NAME
Personal name MARTINEZ DOMINGUEZ, Fernando
245 #0 - TITLE STATEMENT
Title Instalaciones eléctricas de alumbrado e industriales
250 ## - EDITION STATEMENT
Edition statement 2a ed.
260 ## - PUBLICATION, DISTRIBUTION, ETC.
Place of publication, distribution, etc. Madrid
260 ## - PUBLICATION, DISTRIBUTION, ETC.
Date of publication, distribution, etc. 1999
500 ## - GENERAL NOTE
General note 1 ejemplar
520 ## - SUMMARY, ETC.
Summary, etc. Se explican las instalaciones eléctricas más utilizadas, tanto para el alumbrado, doméstico, público e industrial: como las instalaciones básicas de : accionamiento, protección y control de máquinas y motores de tipo industrial, pretende la doble finalida
650 ## - SUBJECT ADDED ENTRY--TOPICAL TERM
Topical term or geographic name entry element ALUMBRADO
650 ## - SUBJECT ADDED ENTRY--TOPICAL TERM
Topical term or geographic name entry element INSTALACIONES ELECTRICAS
650 ## - SUBJECT ADDED ENTRY--TOPICAL TERM
Topical term or geographic name entry element LIB
942 ## - ADDED ENTRY ELEMENTS (KOHA)
Koha item type Libros
Existencias
Fecha de la última vez que lo usaron Pago total Signatura topográfica completa Código de barras Precio efectivo desde Tipo de documento Estado perdido Estado dañado No es para préstamo Retirado Ubicación permanente Ubicación actual Fecha de adquisición
15/05/2020   696.6/M26 Bib-Lima15052023 15/05/2020 Libros         Biblioteca Central Lima Biblioteca Central Lima 15/05/2020